Palavras aleatórias#1 - Statistics

Estatísticas Gerais
  • Esse quiz foi jogado 82 vezes
  • A pontuação média é 5 de 10
Estatísticas das Respostas
Três primeiras Letras Letra final Palavra % Correto
ABA I Abacaxi
82%
GIR L Girassol
72%
SAU E Saudade
72%
PIA O Piano
68%
BIC A Bicicleta
60%
AST A Astronauta
47%
PLA A Planeta
44%
HOR E Horizonte
16%
REL O Relâmpago
7%
SER E Serenidade
1%
Nenhum quiz correspondente encontrado
Distribuição das Pontuações
Porcentagem de Pessoas com Cada Pontuação
Percentil de Números Respondidos
Sua Pontuação Histórica
Você não jogou esse quiz